00342pam a2200121 a 4500020000500000041000500005082002800010100002500038245007700063250001100140260005600151300001300207 c h a5.7569999999999997bROB aRoberta., Maksimchuk aObject Oriented Analysis And Design With ApplicationshTextual Documents a3rd ed aNew DelhibPearson Education [Addison Wesley]c2008 axxiii691